000
00266nam a2200109Ia 4500
001
1287432
005
20260417164416.0
008
260417s9999 xx 000 0 und d
020
_a
9786255726063
245
0
_a
Sherlock Holmes 16 - Son Vaka
260
_b
Dokuz Çocuk
999
_c
1287432
_d
1287432